[Event "SVK-chT2C 2223"]
[Site "Slovakia"]
[Date "2022.11.12"]
[Round "3.8"]
[White "Chladek, Adam"]
[Black "Gajdosik, Marian"]
[Result "0-1"]
[WhiteElo "1533"]
[BlackElo "1766"]
[PlyCount "66"]
[EventDate "2022.10.08"]
[EventType "team-tourn"]
[EventRounds "11"]
[EventCountry "SVK"]
[SourceTitle "EXT 2024"]
[Source "ChessBase"]
[SourceDate "2023.10.10"]
[SourceVersion "1"]
[SourceVersionDate "2023.10.10"]
[SourceQuality "1"]
[WhiteTeam "Zilina Mladost III"]
[BlackTeam "Banska Bystrica Kurta"]
[WhiteTeamCountry "SVK"]
[BlackTeamCountry "SVK"]

1. d4 d6 2. Nf3 Nd7 3. e4 e5 4. d5 h6 5. Nc3 c6 6. h3 Qf6 7. Be3 Ne7 8. Bd3 Ng6 9. g3 Be7 10. h4 Bd8 11. g4 Nf4 12. g5 hxg5 13. Nxg5 Ng2+ 14. Kd2 Nxe3 15. fxe3 Qf2+ 16. Qe2 Qxe2+ 17. Bxe2 Nf6 18. Rag1 Nh7 19. Nxf7 Kxf7 20. Bh5+ Kf8 21. Rf1+ Nf6 22. Bg6 Rh6 23. h5 Ba5 24. Rh2 Ke7 25. Rg1 Bd7 26. dxc6 bxc6 27. Bf5 Rg8 28. Bxd7 Nxd7 29. Rhg2 Kf7 30. Rf1+ Nf6 31. Rg5 Rgh8 32. Rfg1 Nxe4+ 33. Kd3 Nxg5 0-1

[Event "Liptovsky Jan op"]
[Site "Liptovsky Jan"]
[Date "2022.06.26"]
[Round "7"]
[White "Koren, Juraj"]
[Black "Gajdosik, Marian"]
[Result "0-1"]
[WhiteElo "1516"]
[BlackElo "1902"]
[PlyCount "61"]
[EventDate "2022.06.23"]
[EventType "swiss"]
[EventRounds "7"]
[EventCountry "SVK"]
[SourceTitle "CBM 209 Extra"]
[Source "ChessBase"]
[SourceDate "2022.09.30"]
[SourceVersion "1"]
[SourceVersionDate "2022.09.30"]
[SourceQuality "1"]

1. c4 e5 2. Nc3 Bb4 3. g3 c6 4. Bg2 Nf6 5. e3 0-0 6. Nge2 d6 7. 0-0 Nbd7 8. d4 Qe7 9. Bd2 Ba5 10. a3 Bc7 11. b4 Re8 12. a4 Nf8 13. b5 Bd7 14. Re1 Ng6 15. d5 c5 16. a5 Bd8 17. Na4 Rc8 18. a6 b6 19. Nac3 h5 20. e4 h4 21. Bg5 h3 22. Bh1 Qf8 23. Bxf6 Bxf6 24. f4 exf4 25. Nxf4 Nxf4 26. gxf4 Bxc3 27. f5 Qe7 28. Qh5 Qe5 29. Ra3 Bxe1 30. Rxh3 Qd4+ 31. Kf1 0-1

[Event "Liptovsky Jan op"]
[Site "Liptovsky Jan"]
[Date "2022.06.24"]
[Round "2.27"]
[White "Gajdosik, Marian"]
[Black "Janouskova, Eliska"]
[Result "1-0"]
[WhiteElo "1902"]
[BlackElo "1167"]
[PlyCount "138"]
[EventDate "2022.06.23"]
[EventType "swiss"]
[EventRounds "7"]
[EventCountry "SVK"]
[SourceTitle "CBM 209 Extra"]
[Source "ChessBase"]
[SourceDate "2022.09.30"]
[SourceVersion "1"]
[SourceVersionDate "2022.09.30"]
[SourceQuality "1"]

1. e4 c5 2. Nf3 e6 3. c3 Nf6 4. d3 d6 5. Be2 Be7 6. Nbd2 Nc6 7. 0-0 a6 8. a4 b6 9. Re1 Bb7 10. Qc2 Rc8 11. Nf1 0-0 12. Ng3 Qd7 13. h3 Rfd8 14. Be3 h6 15. d4 cxd4 16. Nxd4 Ne5 17. Nf3 Nc4 18. Bxc4 Rxc4 19. Bxb6 Rdc8 20. a5 Qb5 21. Re2 Nd7 22. Bd4 R4c6 23. Qa4 Qxa4 24. Rxa4 Nc5 25. Rb4 R6c7 26. Bxc5 dxc5 27. Rb6 c4 28. b4 cxb3 29. Rxb3 Bc6 30. Reb2 Kh7 31. Nd4 Ba4 32. Rb7 Bf6 33. Rxc7 Rxc7 34. Rb4 Bxd4 35. cxd4 Bb5 36. Rb2 Rd7 37. Rd2 e5 38. d5 f6 39. f3 Kg8 40. Kf2 Kf7 41. Rc2 Ba4 42. Rc8 Bb5 43. Nf5 h5 44. Rh8 g6 45. Rh7+ Ke8 46. Rxd7 Kxd7 47. Nh4 g5 48. Nf5 Kd8 49. h4 Bd7 50. g4 hxg4 51. fxg4 gxh4 52. Kg2 Kc7 53. Kh3 Kd8 54. Kxh4 Ke8 55. Kh5 Kf7 56. Kh6 Ba4 57. g5 fxg5 58. Kxg5 Bc2 59. Ng3 Bd3 60. Kf5 Ke7 61. Kxe5 Kd7 62. Nf5 Kd8 63. Kd4 Bb5 64. e5 Kd7 65. e6+ Kd8 66. Ke5 Ba4 67. d6 Ke8 68. Kf6 Bb5 69. e7 Bd7 1-0

[Event "SVK-chT2C 1112"]
[Site "Slovakia"]
[Date "2012.01.29"]
[Round "9.4"]
[White "Pechac, Jergus"]
[Black "Gajdosik, Marian"]
[Result "1-0"]
[WhiteElo "1960"]
[BlackElo "1883"]
[PlyCount "93"]
[EventDate "2011.10.08"]
[EventType "team-tourn"]
[EventRounds "11"]
[EventCountry "SVK"]
[SourceTitle "EXT 2013"]
[Source "ChessBase"]
[SourceDate "2012.11.22"]
[SourceVersion "1"]
[SourceVersionDate "2012.11.22"]
[SourceQuality "1"]
[WhiteTeam "Zilina Mladost II"]
[BlackTeam "Banska Bystrica Veza"]
[WhiteTeamCountry "SVK"]
[BlackTeamCountry "SVK"]

1. e4 e5 2. Nc3 Nf6 3. f4 d6 4. Nf3 Bg4 5. Bc4 Nc6 6. d3 Nd4 7. Be3 Nxf3+ 8. gxf3 Be6 9. fxe5 dxe5 10. Bxe6 fxe6 11. Qd2 Bb4 12. a3 Be7 13. Rg1 Nh5 14. 0-0-0 0-0 15. Qg2 Rf7 16. Qg4 Nf4 17. Bxf4 exf4 18. Qxe6 Bc5 19. Rg4 Be3+ 20. Kb1 c6 21. e5 Qe8 22. Qxe8+ Rxe8 23. d4 Rd7 24. Ne4 Kf8 25. Nc5 Rxd4 26. Rxd4 Bxd4 27. Rxf4+ Kg8 28. Rxd4 Rxe5 29. Nxb7 Re1+ 30. Ka2 Re2 31. h4 Rxc2 32. Na5 c5 33. Rd8+ Kf7 34. Rd7+ Kg6 35. Rxa7 Rh2 36. Rc7 Rxh4 37. Rxc5 Rf4 38. Nc6 h5 39. Ne7+ Kh6 40. Nf5+ Kg6 41. Nxg7 h4 42. Ne6 Rxf3 43. Rg5+ Kh6 44. Rg1 h3 45. Ng5 Re3 46. Nxh3 Rxh3 47. b4 1-0

[Event "SVK-chT2C 1112"]
[Site "Slovakia"]
[Date "2012.01.28"]
[Round "8.4"]
[White "Gajdosik, Marian"]
[Black "Kekely, Lubos"]
[Result "0-1"]
[WhiteElo "1883"]
[BlackElo "2116"]
[PlyCount "110"]
[EventDate "2011.10.08"]
[EventType "team-tourn"]
[EventRounds "11"]
[EventCountry "SVK"]
[SourceTitle "EXT 2013"]
[Source "ChessBase"]
[SourceDate "2012.11.22"]
[SourceVersion "1"]
[SourceVersionDate "2012.11.22"]
[SourceQuality "1"]
[WhiteTeam "Banska Bystrica Veza"]
[BlackTeam "Zilina DMS"]
[WhiteTeamCountry "SVK"]
[BlackTeamCountry "SVK"]

1. e4 e5 2. Bc4 Nc6 3. c3 Nf6 4. Qe2 d6 5. d3 Be7 6. h3 a6 7. a3 Be6 8. Ba2 0-0 9. Nd2 Qd7 10. Nf1 d5 11. Ng3 Rad8 12. Nf3 h6 13. b4 dxe4 14. dxe4 Bxa2 15. Rxa2 Qd3 16. Qxd3 Rxd3 17. Bd2 Kh7 18. Ke2 Rfd8 19. Rd1 g6 20. Raa1 b5 21. Ne1 R3d7 22. Be3 Rxd1 23. Rxd1 Rxd1 24. Kxd1 a5 25. a4 bxa4 26. b5 Nd8 27. Kc2 Nd7 28. Nd3 Nb7 29. Nf1 Nd6 30. Nc5 Nb6 31. Nd2 Nxb5 32. c4 Nd4+ 33. Bxd4 exd4 34. Nd3 Bb4 35. c5 Nd7 36. Nf3 Nxc5 37. Nxd4 Nxe4 38. Nc6 Kg7 39. f3 Nd6 40. Ncxb4 axb4 41. Nxb4 Nb5 42. Kd3 Kf6 43. Kc4 Nd6+ 44. Kd5 a3 45. Kc6 Nf5 46. Nd5+ Ke5 47. Nc3 Nh4 48. Kxc7 Nxg2 49. Kd7 Nh4 50. Ke7 f5 51. Kf7 Kf4 52. Kg7 h5 53. Kh6 Kxf3 54. Kg5 Kg3 55. Ne2+ Kxh3 0-1